000 00525nam a2200181Ia 4500
003 GCL
008 140319s9999 xx 000 0 ara d
040 _aGCL /
_cGCL
082 0 4 _a251
_bم ا
100 1 _aمحمد زكريا البرديسى
245 1 0 _aاصول الفقة /
_cمحمد زكريا البرديسى
300 _a481 ص
490 _a
650 0 4 _aالفقه الاسلامى
650 0 4 _aالفقه الاسلامى - علم
650 0 4 _aالفقه الاسلامى، اصول
942 _2ddc
_cBK
999 _c39624
_d39624